| 000 | 00435nam a22001817a 4500 | ||
|---|---|---|---|
| 005 | 20241008102535.0 | ||
| 008 | 241008b |||||||| |||| 00| 0 eng d | ||
| 020 | _a9781138493537 | ||
| 082 |
_a 624.177 _bGUP-P |
||
| 100 | _aGupta Ram S. | ||
| 245 | _aPrinciples of Structural Design / | ||
| 250 | _a3rd ed. | ||
| 260 |
_aUSA; _bCRC; _c2020 |
||
| 300 |
_a599p. _bill; _c24cm. |
||
| 650 | _aEngineering | ||
| 999 |
_c36660 _d36660 |
||